[Event "Chicago op"]
[Site "Chicago"]
[Date "1995.??.??"]
[Round "3"]
[White "Gratz, Glen"]
[Black "Friedman, Edward"]
[Result "1-0"]
[WhiteElo "2205"]
[BlackElo "2290"]

1.e4 c5 2.Nf3 d6 3.Bb5+ Nd7 4.c4 g6 5.O-O Bg7 6.Nc3 Nf6 7.d4 cxd4 8.Nxd4 O-O
9.h3 a6 10.Bxd7 Bxd7 11.a4 Rc8 12.b3 b5 13.axb5 axb5 14.Qd3 bxc4 15.bxc4 Be6
16.Nd5 Nd7 17.Bg5 Nc5 18.Qe3 Bxd5 19.cxd5 Bxd4 20.Qxd4 Nb3 21.Qb2 Nxa1 22.Bh6 f6
23.Bxf8 Kxf8 24.Rxa1 Qc7 25.Qd2 Kg7 26.Qe3 Qc5 27.Qxc5 Rxc5 28.Ra7 Kf7 29.Ra4 f5
30.f3 Kf6 31.Kf2 Rc2+ 32.Kg3 Re2 33.h4 h6 34.h5 g5 35.exf5 Kxf5 36.Rd4 e6
37.dxe6 Rxe6 38.Rd5+ Kf6  1-0

[Event "Clichy"]
[Site "Clichy"]
[Date "1995.??.??"]
[Round "?"]
[White "Renet, Olivier"]
[Black "Tkachiev, Vladislav"]
[Result "1/2-1/2"]
[WhiteElo "2520"]
[BlackElo "2605"]

1.e4 c5 2.Nf3 d6 3.Bb5+ Nd7 4.d4 cxd4 5.Qxd4 a6 6.Bxd7+ Bxd7 7.O-O Rc8 8.c4 Qc7
9.b3 b5 10.Nbd2 e5 11.Qd3 Nf6 12.Ba3 bxc4 13.Nxc4 d5 14.exd5 Bxa3 15.Nxa3 e4
16.Qe3 O-O 17.Ng5 Rce8 18.Rfd1 Ng4 19.Qg3 Qd8 20.Nh3 e3 21.Nc4 e2 22.Re1 Qf6
23.Rac1 Qh6 24.Qf4 Qg6 25.Qg5 Nxf2 26.Kxf2 Bxh3 27.Qxg6 fxg6+ 28.Kg1 Bf5
29.Rc3 Rd8 30.d6 Be6 31.Rxe2 Bxc4 32.Rxc4 Rxd6 33.h4 h5 34.Re7 g5 35.Rcc7  1/2-1/2

[Event "Copenhagen op17"]
[Site "Copenhagen"]
[Date "1995.??.??"]
[Round "1"]
[White "Nielsen, Soren Holst"]
[Black "Ward, Christopher"]
[Result "0-1"]
[WhiteElo "2195"]
[BlackElo "2485"]

1.e4 c5 2.Nf3 d6 3.Bb5+ Bd7 4.Bxd7+ Qxd7 5.O-O Nc6 6.c3 Nf6 7.Re1 e6 8.d4 cxd4
9.cxd4 d5 10.e5 Ng8 11.Nc3 Nge7 12.a3 Nc8 13.Kh1 Nb6 14.Ng1 O-O-O 15.Bg5 Re8
16.b4 Kb8 17.Qd3 Rc8 18.Nf3 h6 19.Bf4 Nc4 20.Rec1 Ne7 21.Nd2 Nxd2 22.Qxd2 Nf5
23.g4 Nh4 24.Qd3 Be7 25.Bg3 h5 26.Bxh4 Bxh4 27.Kg2 hxg4 28.Nb5 Be7 29.Nc3 Bg5  0-1

[Event "Copenhagen op2"]
[Site "Copenhagen"]
[Date "1995.??.??"]
[Round "5"]
[White "Wall, Tim"]
[Black "Bekker Jensen, David"]
[Result "0-1"]
[WhiteElo "2250"]
[BlackElo "2200"]

1.e4 c5 2.Nf3 d6 3.Bb5+ Bd7 4.Bxd7+ Qxd7 5.c4 Nf6 6.Nc3 Nc6 7.O-O g6 8.d4 cxd4
9.Nxd4 Bg7 10.Nde2 O-O 11.f3 b6 12.Be3 Qb7 13.Rc1 Rfc8 14.b3 Nd7 15.Kh1 a6
16.a4 Nc5 17.Rb1 Ne5 18.Bg1 a5 19.Qd2 Rab8 20.Nd4 Nc6 21.Ndb5 Qd7 22.Nd5 Rf8
23.Nxb6 Rxb6 24.Bxc5 Rb7 25.Be3 Rc8 26.Rfd1 Qe6 27.Qd5 Qd7 28.c5 Nb4 29.Qd2 Qe6
30.Rbc1 dxc5 31.Rxc5 Rxc5 32.Bxc5 Qxb3 33.Qc1 Nd3 34.Be3 Nxc1 35.Rd8+ Bf8
36.Bh6 Rb8  0-1

[Event "Copenhagen op17"]
[Site "Copenhagen"]
[Date "1995.??.??"]
[Round "5"]
[White "Petersen, Soren Boeck"]
[Black "Ziegler, Ari"]
[Result "0-1"]
[WhiteElo "2230"]
[BlackElo "2305"]

1.e4 c5 2.Nf3 d6 3.Bb5+ Nd7 4.O-O Nf6 5.Re1 a6 6.Bf1 b6 7.c4 Bb7 8.Nc3 e6
9.d4 cxd4 10.Nxd4 Be7 11.f3 O-O 12.Be3 Rc8 13.Qd2 Qc7 14.Rac1 Qb8 15.Qf2 Rfe8
16.h3 Bd8 17.g4 Ne5 18.b3 Ng6 19.g5 Nh5 20.Nde2 d5 21.cxd5 exd5 22.Nxd5 Rxc1
23.Nxc1 Bxd5 24.exd5 Bc7 25.Bd2 Rd8 26.Re4 b5 27.Ne2 f5 28.gxf6 Nxf6 29.Re6 Nxd5
30.Bg5 Rf8 31.Kh1 Qc8 32.Re4 Qf5 33.Bd2 Qxe4  0-1

[Event "DEN-ch qual"]
[Site "Copenhagen"]
[Date "1995.??.??"]
[Round "6"]
[White "Aagaard, Jacob"]
[Black "Olesen, Martin"]
[Result "1/2-1/2"]
[WhiteElo "2245"]
[BlackElo "2340"]

1.e4 c5 2.Nf3 d6 3.Bb5+ Nd7 4.O-O Nf6 5.Re1 a6 6.Bf1 b6 7.d4 cxd4 8.Qxd4 e6
9.e5 dxe5 10.Nxe5 Bc5 11.Qh4 Nxe5 12.Rxe5 Qd4  1/2-1/2

[Event "Cordoba op"]
[Site "Cordoba"]
[Date "1995.??.??"]
[Round "?"]
[White "Becerra Rivero, Julio"]
[Black "Ruiz Gutierrez, Manuel"]
[Result "1-0"]
[WhiteElo "2460"]
[BlackElo "2230"]

1.e4 c5 2.Nf3 d6 3.Bb5+ Bd7 4.a4 Nc6 5.O-O Nf6 6.Re1 e6 7.b3 Be7 8.Bb2 O-O
9.h3 Rc8 10.Bf1 Ne8 11.Na3 Bf6 12.c3 g6 13.Rb1 Bg7 14.d4 cxd4 15.cxd4 d5
16.e5 f6 17.Qd2 fxe5 18.dxe5 a6 19.Nc2 Rxf3 20.gxf3 Qh4 21.f4 Bh6 22.Qd1 Bxf4
23.Qg4 Qxg4+ 24.hxg4 Nxe5 25.Bxe5 Bxe5 26.Rxe5 Rxc2 27.Ree1 Kf7 28.g5 Ke7
29.Re3 Ng7 30.Rd1 Bc6 31.Bh3 d4 32.Red3 e5 33.Re1 Kd6 34.f4 exf4 35.Rxd4+ Kc5
36.Rxf4 Rc3 37.b4+ Kb6 38.a5+ Ka7 39.Bg4 Ne8 40.Rd1 Re3 41.Bd7 Re7 42.Bxc6 bxc6
43.Rfd4 Rb7 44.Rd7 Nc7 45.Rxh7 Ne6 46.Rdd7 Rxd7 47.Rxd7+ Kb8 48.Rd6 Nxg5
49.Rxc6  1-0

[Event "ESP-chT"]
[Site "Cordoba"]
[Date "1995.??.??"]
[Round "1"]
[White "Bueno Abalo, Manuel"]
[Black "Garcia Ilundain, David"]
[Result "0-1"]
[WhiteElo "2130"]
[BlackElo "2510"]

1.e4 c5 2.Nf3 d6 3.Bb5+ Bd7 4.Bxd7+ Qxd7 5.O-O Nc6 6.c3 Nf6 7.Re1 e6 8.d4 d5
9.Ne5 Qc7 10.exd5 Nxe5 11.Rxe5 Bd6 12.Rg5 Bxh2+ 13.Kf1 Bf4 14.Rxg7 Nxd5 15.Na3 a6
16.c4 Nb4 17.Qg4 Bxc1 18.Rxc1 O-O-O 19.d5 Qh2 20.Re1 Nd3 21.Re3 Qh1+ 22.Ke2 Nxb2
23.Kd2 h5 24.Qf3 Qa1 25.Rc3 Na4 26.Rxf7 Qxc3+ 27.Qxc3 Nxc3 28.Kxc3 exd5 29.cxd5 b5
30.Nc2 Rxd5 31.Ra7 Rh6 32.Ne3 Re5 33.g3 Kb8 34.Rf7 Rhe6 35.Rh7 Rxe3+ 36.fxe3 Rxe3+
37.Kb2 Rxg3 38.Rxh5 c4 39.Rh7 Rg2+ 40.Ka3 c3 41.Kb3 Rb2+ 42.Kxc3 Rxa2 43.Kb4 Kc8
44.Kc5 Kd8 45.Ra7 Ke8 46.Kb4 Ra4+ 47.Kb3 Kd8 48.Rh7 Kc8 49.Kc3 Rc4+ 50.Kb3 Rc7
51.Rh4 Kb7 52.Kb4 Kb6 53.Rh6+ Rc6 54.Rh4 Rg6 55.Rf4 a5+ 56.Kb3 Rg3+ 57.Kb2 a4
58.Rh4 Ka5 59.Rf4 Rg2+ 60.Kb1 a3 61.Rh4 b4 62.Rf4 Rb2+ 63.Ka1 Rc2 64.Kb1 b3  0-1

[Event "CUB-ch"]
[Site "CUB"]
[Date "1995.??.??"]
[Round "2"]
[White "Gonzales, Renieo"]
[Black "Pupo, Emilio"]
[Result "1/2-1/2"]
[WhiteElo "2290"]
[BlackElo "2320"]

1.e4 c5 2.Nf3 d6 3.Bb5+ Nd7 4.a4 Nf6 5.d3 e6 6.O-O Be7 7.a5 O-O 8.a6 Qb6
9.axb7 Bxb7 10.Na3 Qc7 11.Bf4 a6 12.Bxd7 Nxd7 13.Nc4 a5 14.Re1 f6 15.Nfd2 Ne5
16.Bg3 a4 17.Qh5 Bc6 18.f4 Nxc4 19.Nxc4  1/2-1/2

[Event "CUB-ch"]
[Site "CUB"]
[Date "1995.??.??"]
[Round "4"]
[White "Gonzales, Renieo"]
[Black "Rivera, Alberto"]
[Result "1-0"]
[WhiteElo "2290"]
[BlackElo "2370"]

1.e4 c5 2.Nf3 d6 3.Bb5+ Bd7 4.a4 Nf6 5.d3 g6 6.O-O Bg7 7.e5 dxe5 8.Nxe5 O-O
9.Nxd7 Nfxd7 10.a5 a6 11.Bxd7 Nxd7 12.Nd2 Rc8 13.Nc4 Rc6 14.Re1 Re8 15.Bg5 Nf8
16.Qd2 Ne6 17.Bh6 Bh8 18.Rab1 Nd4 19.Bf4 Nf5 20.b4 Bd4 21.b5 axb5 22.Rxb5 Qd5
23.Ne3 Bxe3 24.Bxe3 Rec8 25.Rxb7 Rf6 26.Rb6 Nh4 27.f4 Rxb6 28.axb6 Qc6 29.Qf2 Nf5
30.Rb1 e6 31.Bxc5  1-0

[Event "CZE-chT 9495"]
[Site "?"]
[Date "1995.??.??"]
[Round "4"]
[White "Berezjuk, Sergej"]
[Black "Sobek, Jaroslav"]
[Result "1-0"]
[WhiteElo "2395"]
[BlackElo "2290"]

1.e4 c5 2.Nf3 d6 3.Bb5+ Bd7 4.Bxd7+ Nxd7 5.c4 Ngf6 6.Nc3 g6 7.O-O Bg7 8.d4 cxd4
9.Nxd4 O-O 10.b3 Qa5 11.Bb2 a6 12.Qe2 Qh5 13.Qxh5 Nxh5 14.Rad1 Nhf6 15.Rfe1 Rfd8
16.Re2 Nc5 17.g3 Rac8 18.Kg2 h5 19.f3 Rc7 20.Bc1 Ncd7 21.Bb2 Nc5 22.Nc2 Rb8
23.Nd4 Rd8 24.Ba3 Ncd7 25.Bb4 Rb8 26.Ba5 Rc5 27.Bb4 Rc7 28.f4 Nf8 29.e5 dxe5
30.fxe5 Ng4 31.Nd5 Rd7 32.e6 fxe6 33.Nxe6 Nxe6 34.Rxe6 Kf7 35.Rde1 Bf6 36.h3 Nh6
37.Bxe7 Bxe7 38.Rxe7+ Rxe7 39.Rxe7+ Kg8 40.Nf6+ Kf8 41.Rh7  1-0

[Event "CZE-chT 9495"]
[Site "?"]
[Date "1995.??.??"]
[Round "5"]
[White "Rasik, Vitezslav"]
[Black "Jirovsky, Pavel"]
[Result "1/2-1/2"]
[WhiteElo "2410"]
[BlackElo "2315"]

1.e4 c5 2.Nf3 d6 3.Bb5+ Bd7 4.Bxd7+ Qxd7 5.c4 Nc6 6.O-O g6 7.d4 cxd4 8.Nxd4 Bg7
9.Be3 Nf6 10.f3 O-O 11.Nc3 Rfc8 12.b3 Qd8 13.Qd2 a6 14.Rfd1 Rab8 15.a4 Qa5
16.Rab1 Nd7 17.Nce2 Qxd2 18.Rxd2 Nc5 19.Rdd1 Kf8 20.Kf2 Ke8 21.Nc3 Nb4 22.Nd5 Nxd5
23.cxd5 Bxd4 24.Bxd4 b5 25.axb5 Rxb5 26.b4 Na4 27.Rdc1 Rxc1 28.Rxc1 Rxb4
29.Ke3 Rb3+ 30.Kf4 Rb4 31.Ke3 Rb3+ 32.Kf4 Rb4 33.Ke3 Rb3+ 34.Ke2 Rb4  1/2-1/2

[Event "CZE-chT1b"]
[Site "?"]
[Date "1995.??.??"]
[Round "?"]
[White "Taborsky, Rostislav"]
[Black "Gschwendtner, Stanislav"]
[Result "0-1"]
[WhiteElo "2055"]
[BlackElo "2270"]

1.e4 c5 2.Nf3 d6 3.Bb5+ Nc6 4.O-O Bd7 5.c3 Nf6 6.d4 a6 7.Bd3 e5 8.d5 Ne7
9.b4 c4 10.Bc2 Ng6 11.Nbd2 Rc8 12.Re1 Nf4 13.Nxc4 Nxg2 14.Kxg2 Rxc4 15.Bd2 Bg4
16.Bd3 Rc8 17.h3 Bh5 18.c4 Be7 19.Rc1 O-O 20.Qb3 Bxf3+ 21.Kxf3 Nh5 22.Be3 Qd7
23.Bf1 f5 24.exf5 Qxf5+ 25.Ke2 Nf4+ 26.Kd2 Nxh3 27.Bxh3 Qxh3 28.c5 Bg5 29.Bxg5 Rxf2+
30.Re2 Rxe2+ 31.Kxe2 Qg2+ 32.Kd3 Qxg5 33.c6  0-1

[Event "CZE-chT1c 9495"]
[Site "?"]
[Date "1995.??.??"]
[Round "4"]
[White "Vechet, Stanislav"]
[Black "Chytilek, Roman"]
[Result "1/2-1/2"]
[WhiteElo "2255"]
[BlackElo "2315"]

1.e4 c5 2.Nf3 d6 3.Bb5+ Nd7 4.d4 cxd4 5.Qxd4 a6 6.Bxd7+ Bxd7 7.O-O e5 8.Qd3 h6
9.Nc3 Nf6 10.a4 Be7 11.Nd2 Bc6 12.a5 O-O 13.Re1 Qc7 14.Nf1 Qd7 15.Ne3 Rfd8
16.Nc4 Qg4 17.f3 Qh4 18.g3 Qh5 19.Nb6 Rab8 20.Kg2 Qg6 21.Be3 Bf8 22.Nbd5 Nxd5
23.Nxd5 Rbc8 24.c4 Kh8 25.Rec1 Bd7 26.Nb6 Rc6 27.Nxd7 Rxd7 28.Bb6 Be7 29.b4 Bd8
30.Be3 Bg5 31.b5 Rc8 32.Bxg5 hxg5 33.bxa6 bxa6 34.c5 g4 35.Qxa6 gxf3+ 36.Kxf3 Qh5+
37.Kg2 Rdc7 38.Qd3 dxc5 39.Rc4 Qg5 40.Rd1 Rb8 41.Rd2 Rcc8 42.h4 Qh6 43.Rf2 Qg6
44.Qc3 f6 45.Rb2 Rxb2+ 46.Qxb2 Rd8 47.a6 Rd3 48.Qf2 Ra3 49.Kh3 Rxa6  1/2-1/2

[Event "CZE-chT1c 9495"]
[Site "?"]
[Date "1995.??.??"]
[Round "8"]
[White "Talla, Vladimir"]
[Black "Jurka, Miroslav"]
[Result "1/2-1/2"]
[WhiteElo "2240"]
[BlackElo "2335"]

1.e4 c5 2.Nf3 d6 3.Bb5+ Nd7 4.d4 Nf6 5.O-O cxd4 6.Qxd4 g6 7.c4 Bg7 8.Bxd7+ Bxd7
9.Nc3 O-O 10.Bg5 Be6 11.Qd3 Rc8 12.Nd5 Nxd5 13.exd5 Bf5 14.Qe2 Re8 15.Rac1 Qa5
16.b3 e5 17.dxe6 Bxe6 18.Rfe1 h6 19.Bf4 d5 20.cxd5 Qxd5 21.Rxc8 Rxc8 22.Be5 Bxe5
23.Nxe5 Rd8  1/2-1/2

[Event "CZE-chT1c 9495"]
[Site "?"]
[Date "1995.??.??"]
[Round "10"]
[White "Talla, Vladimir"]
[Black "Jaworski, Miroslaw"]
[Result "1-0"]
[WhiteElo "2240"]
[BlackElo "2360"]

1.e4 c5 2.Nf3 d6 3.Bb5+ Nd7 4.O-O Nf6 5.Re1 e6 6.c3 Be7 7.d4 O-O 8.e5 dxe5
9.dxe5 Nd5 10.Nbd2 a6 11.Bd3 Nf4 12.Bc2 Ng6 13.b3 b5 14.c4 Bb7 15.Bb2 Nb6
16.Qe2 bxc4 17.bxc4 Nf4 18.Qf1 Bc6 19.Rad1 Na4 20.Ba1 Qc7 21.Ne4 Rfd8 22.g3 Ng6
23.Qh3 Rxd1 24.Rxd1 Bxe4 25.Bxe4 Rd8 26.Qf1 Nb6 27.Rxd8+ Bxd8 28.Qe2 Qd7
29.Bc2 f5 30.exf6 Bxf6 31.Bxf6 gxf6 32.h4 Qd6 33.h5 Nf8 34.Qe4 f5 35.Qh4 Qc7
36.Kg2 Qg7 37.h6 Qc3 38.Qe7 Nbd7 39.Ba4 Qf6 40.Qd6 Qd8 41.Bxd7 Qxd7 42.Qxa6 Qc7
43.a4 Kf7 44.Qb5 e5 45.Qb2 Nd7 46.a5 Ke7 47.a6 Qc6 48.a7 Qa8 49.Qa1 Kd6 50.Kg1 e4
51.Qa6+ Kc7 52.Ng5 Nf8 53.Kh2  1-0

[Event "DEN-chT9596"]
[Site "DEN"]
[Date "1995.??.??"]
[Round "1"]
[White "Jaksland, Tim"]
[Black "Aagaard, Jacob"]
[Result "0-1"]
[WhiteElo "2240"]
[BlackElo "2245"]

1.e4 c5 2.Nf3 d6 3.Bb5+ Nd7 4.d4 Nf6 5.Nc3 a6 6.Bxd7+ Nxd7 7.Bg5 cxd4 8.Qxd4 f6
9.Be3 e6 10.O-O Qc7 11.a4 Ne5 12.Nxe5 dxe5 13.Qb6 Qxb6 14.Bxb6 Bd7 15.Rfd1 Bb4
16.Rd3 Bc6 17.f3 Kf7 18.Na2 Be7 19.b3 g5 20.Re1 Rag8 21.g4 h5 22.c4 hxg4
23.fxg4 Rh4 24.Rg3 Rgh8 25.Re2 Rh3 26.Nc3 Bb4 27.Na2 Ba3 28.Nc3 Bc1 29.Be3 Bxe3+
30.Rgxe3 R8h4 31.Rg3 Rxg3+ 32.hxg3 Rxg4 33.Kh2 f5 34.exf5 exf5 35.Rxe5 Kf6
36.Re2 Rd4 37.Re3 f4 38.gxf4 gxf4 39.Rh3 Kf5 40.Kg1 Kg4 41.Rh7 Rd3 42.Nd5 Rxb3
43.Rg7+ Kf3 44.Rh7 Rb1+ 45.Kh2 Rb2+ 46.Kg1 Rg2+ 47.Kf1 Rc2 48.Rh3+ Kg4 49.Rc3 Bxa4
50.Rxc2 Bxc2 51.c5 Kg3 52.Nb4 Ba4 53.Kg1 Bb5  0-1

[Event "DEN-chT9596"]
[Site "DEN"]
[Date "1995.??.??"]
[Round "2"]
[White "Aagaard, Jacob"]
[Black "Josephsen, Niels"]
[Result "1-0"]
[WhiteElo "2245"]
[BlackElo "2255"]

1.e4 c5 2.Nf3 d6 3.Bb5+ Bd7 4.Bxd7+ Qxd7 5.c4 Qg4 6.O-O Qxe4 7.d4 cxd4 8.Nxd4 Nf6
9.Re1 Qg4 10.Qa4+ Qd7 11.Nb5 Nc6 12.N1c3 e5 13.Bg5 Be7 14.Rad1 O-O 15.Bxf6 gxf6
16.c5 a6 17.Nxd6 Qe6 18.Nxb7 Rfb8 19.Nd6 Nd8 20.Re3 Nb7 21.Qh4 f5 22.Qg3+ Kf8
23.Rxe5  1-0

[Event "Statoil Cup"]
[Site "DEN"]
[Date "1995.??.??"]
[Round "8"]
[White "Dongart, Dennis"]
[Black "Ostergaard, Rasmus"]
[Result "1/2-1/2"]
[WhiteElo "2180"]
[BlackElo "2180"]

1.e4 c5 2.Nf3 d6 3.Bb5+ Bd7 4.Bxd7+ Qxd7 5.O-O Nc6 6.Re1 Nf6 7.b3 e6 8.Bb2 Be7
9.d4 cxd4 10.Nxd4 O-O 11.c4 a6 12.Nc3  1/2-1/2

[Event "Duesseldorf"]
[Site "Duesseldorf"]
[Date "1995.??.??"]
[Round "3"]
[White "Ostermeyer, Peter"]
[Black "Duesterwald, Marc"]
[Result "1-0"]
[WhiteElo "2400"]
[BlackElo "2250"]

1.e4 c5 2.Nf3 d6 3.Bb5+ Bd7 4.Bxd7+ Nxd7 5.b3 Ngf6 6.Qe2 g6 7.Bb2 Bg7 8.O-O O-O
9.c4 e5 10.Nc3 a6 11.g3 h5 12.Nh4 Re8 13.Ng2 Nf8 14.Ne3 Rb8 15.d3 N8h7 16.f4 h4
17.f5 hxg3 18.hxg3 Nh5 19.Qg4 Qg5 20.Qxg5 Nxg5 21.Kg2 Nh7 22.Ncd5 N5f6 23.a4 g5
24.Bc1 Nxd5 25.Nxd5 f6 26.a5 Nf8 27.Bd2 Nd7 28.b4 Rbc8 29.Rab1 Kf8 30.Be3 g4
31.Rf2 cxb4 32.Rxb4 Nc5 33.Bxc5 Rxc5 34.Rxb7 Rec8 35.Rfb2 Rxa5 36.Rd7 Ra3
37.Rbb7 Bh6 38.Rf7+  1-0

[Event "Duesseldorf"]
[Site "Duesseldorf"]
[Date "1995.??.??"]
[Round "9"]
[White "Ostermeyer, Peter"]
[Black "Borngaesser, Rene"]
[Result "1-0"]
[WhiteElo "2400"]
[BlackElo "2355"]

1.e4 c5 2.Nf3 d6 3.Bb5+ Nd7 4.d4 Nf6 5.Nc3 a6 6.Bxd7+ Nxd7 7.O-O e6 8.Bg5 Qc7
9.Re1 cxd4 10.Nxd4 Ne5 11.f4 h6 12.Bh4 g5 13.fxg5 Be7 14.Bg3 hxg5 15.a4 Bd7
16.Kh1 Rc8 17.Qe2 Qc4 18.Qf2 f6 19.Nce2 Kf7 20.b3 Qc5 21.Rad1 Ng4 22.Qf3 e5
23.b4 Qa7 24.Qb3+ Kg7 25.Nf3 b5 26.axb5 Bxb5 27.Qe6 Nh6 28.Bf2 Qb7 29.Ng3 Bc4
30.Nf5+ Nxf5 31.Qxf5 Bf7 32.Rd2 Rc4 33.Bc5 Bg6 34.Qe6 Bf7 35.Qf5 Rd8 36.Red1 Bg6
37.Qe6 Bf7 38.Qf5 Qc7 39.h4 Bg6 40.Qe6 Bf7 41.Qg4 Qc6 42.hxg5 Rh8+ 43.Kg1 Rxe4
44.gxf6+ Kxf6 45.Qg5+ Ke6 46.Rxd6+ Qxd6 47.Rxd6+ Bxd6 48.Bxd6  1-0

[Event "ECC"]
[Site "?"]
[Date "1995.??.??"]
[Round "2"]
[White "Pickles, Stephen"]
[Black "Berry, Neil"]
[Result "1/2-1/2"]
[WhiteElo "2235"]
[BlackElo "2185"]

1.e4 c5 2.Nf3 d6 3.Bb5+ Bd7 4.Bxd7+ Nxd7 5.O-O Ngf6 6.Re1 e6 7.c3 Be7 8.d4 cxd4
9.cxd4 d5 10.e5 Ne4 11.Nbd2 Nxd2 12.Bxd2 O-O 13.Rc1 Nb8 14.Re3 Nc6 15.Rb3 Qd7
16.h4 Rac8 17.h5 f6 18.exf6 Bxf6 19.Rd3 Qf7 20.Qe2 Qxh5 21.Qxe6+ Qf7 22.Qxf7+ Rxf7
23.Ne5 Re7 24.f4 Ree8 25.g4 g5 26.fxg5 Nxe5 27.dxe5 Bxe5 28.Rxd5 Bxb2 29.Rxc8 Rxc8
30.Kf2  1/2-1/2

[Event "HUN-ch (Women) B"]
[Site "Eger"]
[Date "1995.??.??"]
[Round "?"]
[White "Albert, Kornelia"]
[Black "Madl, Ildiko"]
[Result "1/2-1/2"]
[WhiteElo "2110"]
[BlackElo "2405"]

1.e4 c5 2.Nf3 d6 3.Bb5+ Nc6 4.c3 Bd7 5.d4 Nf6 6.Qe2 Qb6 7.d5 Ne5 8.Bxd7+ Nexd7
9.O-O g6 10.c4 Bg7 11.Nc3 O-O 12.h3 a6 13.Bf4 Rfe8 14.Rfe1 Nh5 15.Bh2 Ne5
16.g4 Nxf3+ 17.Qxf3 Nf6 18.e5 Nd7 19.e6 fxe6 20.dxe6 Rf8 21.Qe2 Ne5 22.Nd5 Qd8
23.f4 Nc6 24.Rad1 Nd4 25.Qg2 b5 26.cxb5 axb5 27.a3 Kh8 28.Bg3 Ra7 29.Bh4 Nc6
30.Qe2 Qa8 31.Rd2 Qb8 32.Kh2 Re8 33.f5 gxf5 34.gxf5 Be5+ 35.Kh1 Ra4 36.Qh5 Rg8
37.Rg2 Rxg2 38.Kxg2 Qg8+ 39.Kh1 Rxh4 40.Qxh4 Bg3 41.Nxe7 Bxh4 42.Nxg8 Bxe1
43.e7 Nxe7 44.Nxe7 Kg7 45.Nd5 Bd2 46.Nc7 Kf6 47.Nxb5 d5 48.Nc7 d4 49.Ne6 Bc1
50.Nxc5 Bxb2 51.Nb3 Bxa3  1/2-1/2

[Event "RUS-ch"]
[Site "Elista"]
[Date "1995.??.??"]
[Round "1"]
[White "Kalegin, Evgenij"]
[Black "Dvoirys, Semen I"]
[Result "0-1"]
[WhiteElo "2475"]
[BlackElo "2580"]

1.e4 c5 2.Nf3 d6 3.Bb5+ Nc6 4.O-O Bd7 5.c3 Nf6 6.Re1 a6 7.Bxc6 Bxc6 8.d4 Bxe4
9.Bg5 Bd5 10.Nbd2 e6 11.c4 Bxf3 12.Qxf3 cxd4 13.Bxf6 gxf6 14.Nb3 Bg7 15.Nxd4 O-O
16.Rad1 Qa5 17.b3 f5 18.Re2 d5 19.cxd5 Rad8 20.Nc2 Qxa2 21.Red2 Rxd5 22.Rxd5 exd5
23.Nb4 Qb2 24.Nxd5 Re8 25.g3 Qc2 26.Ne3 Qxb3 27.Rd7 b5 28.Qxf5 Qe6 29.Qd3 Bf8
30.Rd5 h6 31.h4 Qe4 32.Qd1 b4 33.Kh2 Bg7 34.Qb3 Be5 35.h5 Re6 36.Rd8+ Kg7
37.Qd1 a5 38.Qd7 Qf3 39.Nd1 Bxg3+  0-1

[Event "RUS-ch"]
[Site "Elista"]
[Date "1995.??.??"]
[Round "5"]
[White "Rublevsky, Sergei"]
[Black "Ionov, Sergey"]
[Result "1/2-1/2"]
[WhiteElo "2595"]
[BlackElo "2525"]

1.e4 c5 2.Nf3 d6 3.Bb5+ Bd7 4.Bxd7+ Qxd7 5.c4 Nf6 6.Nc3 Nc6 7.O-O e6 8.d4 cxd4
9.Nxd4 Be7 10.Be3 O-O 11.Qe2 Rac8 12.f4 a6 13.Rad1 Qc7 14.b3 Qa5 15.Qe1 Kh8
16.Kh1 Rfd8 17.f5 h6 18.Nde2 Qe5 19.Bf4 Qc5 20.Qg3 exf5 21.Qh3 Ne5 22.Ng3 Ng6
23.Nxf5 Nxf4 24.Rxf4 Qe5 25.Rdf1 Kh7 26.Nxh6 gxh6 27.Nd5 Nxd5 28.Rxf7+ Kg6
29.R7f5 Rf8 30.Qh5+ Kh7 31.Rf7+ Qg7 32.Rxg7+ Kxg7 33.Qg4+ Kh8 34.Re1 Nf6
35.Qg6 Ng8 36.h3 Rf6 37.Qg4 Rcf8 38.Qd7 Rf1+ 39.Rxf1 Rxf1+ 40.Kh2 Bg5 41.g3 Rf2+
42.Kg1 Rxa2 43.Qxd6 Ra1+ 44.Kf2 Ra2+ 45.Kf3 Rd2 46.Qb4 Rd3+ 47.Kf2 Rd2+ 48.Kf3 Rd3+
49.Kf2 Rd2+  1/2-1/2

[Event "RUS-ch"]
[Site "Elista"]
[Date "1995.??.??"]
[Round "8"]
[White "Yandemirov, Valeri"]
[Black "Makarov, Marat"]
[Result "1/2-1/2"]
[WhiteElo "2460"]
[BlackElo "2520"]

1.e4 c5 2.Nf3 d6 3.Bb5+ Bd7 4.Bxd7+ Nxd7 5.O-O Ngf6 6.Qe2 e6 7.b3 Be7 8.Bb2 O-O
9.c4 Re8 10.Nc3 a6 11.Rfd1 e5 12.Ne1 Nf8 13.Nc2 Ne6 14.Ne3 Bf8 15.d3 g6 16.Ncd5 Bg7
17.Nxf6+ Qxf6 18.Nd5 Qd8 19.Rf1 Nf4 20.Nxf4 exf4 21.Bxg7 Kxg7 22.Qf3 Qf6
23.g3  1/2-1/2

[Event "FIN-ch-B"]
[Site "FIN"]
[Date "1995.??.??"]
[Round "?"]
[White "Keskisarja, Teemu"]
[Black "Hamalainen, Sami"]
[Result "1-0"]
[WhiteElo "2260"]
[BlackElo "2130"]

1.e4 c5 2.Nf3 d6 3.Bb5+ Bd7 4.Bxd7+ Qxd7 5.O-O Nc6 6.c3 g6 7.d4 cxd4 8.cxd4 Bg7
9.Nc3 e6 10.d5 Ne5 11.Nxe5 Bxe5 12.dxe6 fxe6 13.f4 Bg7 14.f5 O-O-O 15.Be3 Kb8
16.fxe6 Qxe6 17.Bxa7+ Kc8 18.Nd5 Ne7 19.Nxe7+ Qxe7 20.Rc1+ Kd7 21.Qa4+ Ke6
22.Qb3+ d5 23.exd5+ Rxd5 24.Rce1+ Be5 25.Rxe5+ Kxe5 26.Re1+  1-0

[Event "FIN-ch"]
[Site "FIN"]
[Date "1995.??.??"]
[Round "?"]
[White "Sepp, Olav"]
[Black "Rytshagov, Mikhail"]
[Result "1/2-1/2"]
[WhiteElo "2460"]
[BlackElo "2485"]

1.e4 c5 2.Nf3 d6 3.Bb5+ Bd7 4.Bxd7+ Qxd7 5.O-O Nf6 6.Re1 Nc6 7.c4 g6 8.b3 Bg7
9.Bb2 O-O 10.d4 cxd4 11.Nxd4 Nxd4 12.Bxd4 b5 13.cxb5 Qxb5 14.Nc3 Qb7 15.Nd5 e5
16.Nxf6+ Bxf6 17.Bb2 Rfd8 18.Rc1 d5 19.exd5 Qxd5 20.Qxd5 Rxd5 21.f4 Rd2 22.Bxe5  1/2-1/2

[Event "FIN-ch"]
[Site "FIN"]
[Date "1995.??.??"]
[Round "?"]
[White "Sepp, Olav"]
[Black "Pulkkinen, Kari"]
[Result "1-0"]
[WhiteElo "2460"]
[BlackElo "2365"]

1.e4 c5 2.Nf3 d6 3.Bb5+ Nd7 4.c3 Nf6 5.Qe2 a6 6.Ba4 e5 7.O-O Be7 8.d4 O-O
9.Rd1 Qc7 10.dxe5 dxe5 11.c4 b5 12.cxb5 Nb6 13.Bc2 axb5 14.Qxb5 Be6 15.b3 c4
16.Bb2 Nbd7 17.Nxe5 cxb3 18.Bxb3 Bxb3 19.axb3 Qc2 20.Rd2 Qxe4 21.Nxd7 Rxa1
22.Bxa1 Ra8 23.Bxf6 gxf6 24.Rd1 Rd8 25.Qd3 Qe6 26.Nc3 Qxb3 27.Ne4 Qa4 28.Nexf6+ Kh8
29.Qxh7+  1-0

[Event "FIN-ch"]
[Site "FIN"]
[Date "1995.??.??"]
[Round "?"]
[White "Laine, Panu"]
[Black "Paasikangas, Johanna"]
[Result "1/2-1/2"]
[WhiteElo "2190"]
[BlackElo "2140"]

1.e4 c5 2.Nf3 d6 3.Bb5+ Bd7 4.Bxd7+ Nxd7 5.O-O g6 6.c3 Bg7 7.d4 cxd4 8.cxd4 e5
9.Nc3 Ngf6 10.Bg5 O-O 11.dxe5 dxe5 12.Nd5 h6 13.Bh4 g5 14.Nxf6+  1/2-1/2

[Event "FIN-chT"]
[Site "FIN"]
[Date "1995.??.??"]
[Round "?"]
[White "Liiva, Riho"]
[Black "Yrjola, Jouni"]
[Result "1-0"]
[WhiteElo "2405"]
[BlackElo "2440"]

1.e4 c5 2.Nf3 d6 3.Bb5+ Nc6 4.O-O Bd7 5.c3 Nf6 6.Re1 a6 7.Ba4 c4 8.Na3 b5
9.Bc2 e6 10.b3 cxb3 11.axb3 Be7 12.d4 b4 13.d5 bxa3 14.dxc6 Bxc6 15.Bxa3 O-O
16.e5 Bxf3 17.Qxf3 dxe5 18.Bxe7 Qxe7 19.Rxe5 Qd6 20.Rea5 Rfd8 21.h3 Kf8 22.c4 Qd2
23.R5a2 Qd6 24.Qc3 h6 25.Ra5 Qd2 26.Qxd2 Rxd2 27.R1a2 Ne8 28.Kf1 Nc7 29.Rc5 Rd7
30.Ke1 Rb8 31.Rc6 Ke7 32.Ra1 g5 33.Ra5 f6 34.Rac5 Rb7 35.Ke2 f5 36.g4 fxg4
37.hxg4 Ne8 38.Rxa6 Rd4 39.Re5 Nc7 40.Ra1 Rxg4 41.Rh1 Ra7 42.Rxh6 Ra2 43.Kd2 Rg2
44.Re2 g4 45.Rh7+ Kd6 46.Kc3 g3 47.Rd2+ Nd5+ 48.cxd5 gxf2 49.Rf7 exd5 50.Rf6+ Ke5
51.Rf5+ Ke6 52.Re2+ Kd6 53.Rf6+ Kc7 54.Rexf2 Rg4 55.Bd3  1-0

[Event "Finkenstein op"]
[Site "Finkenstein"]
[Date "1995.??.??"]
[Round "4"]
[White "Kuba, Guenter"]
[Black "Mazi, Leon"]
[Result "0-1"]
[WhiteElo "2150"]
[BlackElo "2345"]

1.e4 c5 2.Nf3 d6 3.Bb5+ Nd7 4.d4 cxd4 5.Qxd4 Nf6 6.Bg5 a6 7.Bxd7+ Nxd7 8.Nc3 f6
9.Be3 e6 10.Qc4 Nc5 11.a4 Bd7 12.Bxc5 dxc5 13.e5 b5 14.Qe2 f5 15.axb5 axb5
16.O-O Rb8 17.Rfd1 Qc7 18.Ng5 b4 19.Nb1 Be7 20.Ra6 Qc8 21.Ra7 Rb7 22.Rxb7 Qxb7
23.Qh5+ g6 24.Qh6 Bxg5 25.Qxg5 Qe4 26.Qf6 Rf8 27.Qg7 Bc6 28.f3 Qe3+ 29.Kh1 Qe2
30.Rg1 Bd5 31.Qxh7 Qxe5 32.Qxg6+ Kd7 33.Qh7+ Kd6 34.f4 Qxf4 35.Qg7 Ra8 36.Rd1 Qh4
37.b3 Rh8 38.Rxd5+ exd5 39.Qg6+ Kc7 40.Qf7+ Kb8 41.h3 Qe1+ 42.Kh2 Qe5+ 43.Kh1 Rc8
44.Qg6 Kb7 45.Qh7+ Rc7 46.Qh4 Re7  0-1

[Event "Finkenstein op"]
[Site "Finkenstein"]
[Date "1995.??.??"]
[Round "6"]
[White "Mencinger, Vojko"]
[Black "Stillger, Bernhard"]
[Result "1-0"]
[WhiteElo "2385"]
[BlackElo "2285"]

1.e4 c5 2.Nf3 d6 3.Bb5+ Bd7 4.Bxd7+ Qxd7 5.O-O Nf6 6.Qe2 Nc6 7.c3 e6 8.d4 cxd4
9.cxd4 d5 10.e5 Ne4 11.Be3 Be7 12.Ne1 f6 13.f3 Ng5 14.Nd3 O-O 15.Nd2 Nf7
16.f4 Rac8 17.Nb3 b6 18.Rf3 Nh6 19.Rh3 f5 20.Bd2 a5 21.Bc3 Nb4 22.Nf2 a4
23.Nc1 Nc6 24.a3 Na7 25.Qh5 Nb5 26.Ne2 Rc4 27.Rd3 Rfc8 28.h3 Qe8 29.Qf3 Nxc3
30.Rxc3 Rxc3 31.Nxc3 Rc4 32.Nxd5 Rxd4 33.Nxe7+ Qxe7 34.Rd1 Qd8 35.Rd3 Nf7
36.Rxd4 Qxd4 37.Qc6 g5 38.Qxe6 Qxf4 39.Qc8+ Kg7 40.e6 Ne5 41.e7  1-0

[Event "Formia op"]
[Site "Formia"]
[Date "1995.??.??"]
[Round "?"]
[White "Djuric, Stefan"]
[Black "Grosar, Aljosa"]
[Result "1/2-1/2"]
[WhiteElo "2460"]
[BlackElo "2475"]

1.e4 c5 2.Nf3 d6 3.Bb5+ Bd7 4.Bxd7+ Qxd7 5.O-O e6 6.c3 Nf6 7.Re1 Be7 8.d4 cxd4
9.cxd4 d5 10.e5 Ne4 11.Nbd2 Nxd2  1/2-1/2